Samuel Beckett and experimental psychology : perception, attention, imagery (Record no. 34543)

MARC details
000 -LEADER
fixed length control field 00790nam a2200181Ia 4500
020 ## - INTERNATIONAL STANDARD BOOK NUMBER
ISBN 9781350091726
050 ## - CALL MARK
Classification number PR 6003 .E282 .P69/
100 ## - STATEMENT OF RESPONSIBILITY--MAIN AUTHOR NAME
Personal name Powell, Joshua
245 #0 - TITLE STATEMENT
Title Samuel Beckett and experimental psychology : perception, attention, imagery
260 ## - PUBLICATION, DISTRIBUTION, ETC. (IMPRINT)
Place of publication New York
260 ## - PUBLICATION, DISTRIBUTION, ETC. (IMPRINT)
Name of publisher Bloomsbury Academic
260 ## - PUBLICATION, DISTRIBUTION, ETC. (IMPRINT)
Year of publication 2020
300 ## - PHYSICAL DESCRIPTION
Number of Pages 207 p
650 ## - SUBJECT ADDED ENTRY--TOPICAL TERM
Topical Term Introduction: Literary Experiments and the Work of Samuel Beckett -- Experimental Transitions -- Attention and Speech Perception in Not I -- Face Reading and Attentional Management in That Time -- Inattention in Footfalls -- Beckett and the Mental Image -- Percept and Image in Nohow On -- Conclusion: Experimental Beckett
942 ## - ADDED ENTRY ELEMENTS (KOHA)
Koha item type Books
Holdings
Withdrawn status Lost status Source of classification or shelving scheme Damaged status Not for loan Permanent Location Current Location Shelving location Date acquired Accession Number Price effective from Koha item type
    Library of Congress Classification     NILE UNIVERSITY OF NIGERIA - MAIN LIBRARY NILE UNIVERSITY OF NIGERIA - MAIN LIBRARY Items on shelf 04/23/2025 0196551 04/23/2025 Books